English Premier League Key Statistics Quiz I - Statistics

General Stats
  • This quiz has been taken 109 times
  • The average score is 6 of 12
Answer Stats
Question Answer % Correct
Who holds the record for most wins (32) in one season? Manchester City
92%
Who has the record of 3 consecutive title wins? Manchester United
83%
The above resulted in the fewest point tally ever. What was it? 11
73%
And the least (1)? Derby
72%
What player set a record of 11 for the "Most consecutive Premier League matches scored in"? Jamie Vardy
69%
Who won the title in 1994/5 and only last season were in the third tier of the league system? Blackburn Rovers
67%
What player holds the record of appearing in 22 consecutive seasons? Ryan Giggs
51%
Who was the 'home' club when a record attendance of 83,222 was set? Tottenham Hotspur
42%
And the player who holds the "Most goals in a season" is......? Mo Salah
35%
Who Scored the first ever goals in the Permier League? Brian Deane
24%
And the lowest (3,039)? Wimbledon
17%
What team had the most points in a season but were still relegated (1992/3)? Crystal Palace
7%
No matching quizzes found
Score Distribution
Percent of People with Each Score
Percentile by Number Answered
Your Score History
You have not taken this quiz